00833nam a2200241Ia 4500003000400000005001700004006001800021007000300039008004100042024001100083037001100094040001800105041001300123100001900136110008700155245014200242260000900384650003000393700002700423700002600450700002800476700008700504OSt20220930085659.0a|||||r|||| 00| 0ta220926b |||||||| |||| 00| 0 eng d a104796 cTheses aCRLcCRLbeng 2engaeng aBhagat Neelima aUniversity of Delhi. Faculty of Medical Sciences. Department of Community Medicine 0aEffect of educational package of health promotion and behaviour modification on smoking habit in the adult urban male population of Delhi c2009 aCOMMUNITY HEALTH SERVICES a Dr. Jugal Kishore Gu. a Dr. R. C. Jiloha Gu. a Dr. Satyavir Singh Gu. aUniversity of Delhi. Faculty of Medical Sciences. Department of Community Medicine